000 00455 a2200157 4500
003 OSt
005 20231123114119.0
008 231123b |||||||| |||| 00| 0 eng d
020 _a9788119361083
040 _coclc
082 _a540
_bARO/C
245 _a Chemistry MSc Entrance Examinaton /
_cedited by R S Arora
260 _aNew Delhi:
_bUnique Publishers,
_c2023.
300 _a506p
942 _2ddc
_cBK
_h540
_iARO/C
_k540
_mARO/C
999 _c41864
_d41864